000 00864nam a2200265Ia 4500
003 GCL
008 140319s9999 xx 000 0 ara d
040 _aGCL /
_cGCL
082 0 4 _a155.9
_bم ع
100 1 _aمحمد شحاتة ربيع
245 1 0 _aعلم النفس الجنائى /
_cمحمد شحاتة ربيع
700 1 _aمعتز سيد عبدالله
700 1 _aجمعة سيد يوسف
250 _aالاولى
260 _aالقاهرة :
_bدار غريب للطباعة والنشر والتوزيع ،
_c1995
300 _a654 ص ؛
_c24سم
650 0 4 _aعلم النفس
650 0 4 _aعلم النفس المرضى
650 0 4 _aالعنف
650 0 4 _aعلم النفس الجنائى
650 0 4 _aالانتحار
650 0 4 _aالعدوانية
650 0 4 _aعلم النفس القضائى
942 _2ddc
_cBK
999 _c41031
_d41031